000 00415nam a2200181Ia 4500
001 22522
005 20260414150837.0
008 260414t2002||||xx |||||||||||||| ||spa||
041 _aESP
082 _a621.382
_bC95 T. 2
110 _aCultural S.A.
245 0 _aTécnico en telecomunicaciones
_b
260 _c2002
300 _aT. 2
_c25 cm.
650 _aTCA
654 _aCET
942 _cLIB
_dJUS
_fJUS
_2ddc
_n
999 _c22522
_d22522